000 00641cam a22002053a 4500
001 44869
003 PGUSA
005 20140828084026.0
008 140210s2014||||xxu|||||s|||||000 | eng d
040 _aPGUSA
_beng
042 _adc
100 1 _aTavaststjerna, Karl August,
_d1860-1898
245 1 0 _aKovina aikoina :
_bKertomus Suomen viimeisten nälkävuosien ajoilta
_h[electronic resource] /
_cKarl August Tavaststjerna
260 _bProject Gutenberg,
_c2014
506 _aPublic domain in the USA.
516 _aElectronic text
830 0 _aProject Gutenberg
_v44869
856 4 0 _uhttp://www.gutenberg.org/ebooks/44869
942 _cEB
999 _c274120
_d274120